000 00676nam a22001935i 4500
001 158332
003 ES-MaACL
005 20230906211111.0
008 040830s1871 gw |||| | eng d
040 _aCAM
_bspa
_cCAM
100 1 _aMacDonald, George (
_d1824-1905)
_975110
245 1 0 _aDavid Elginbrod /
_cby George Mac Donald.
260 _aLeipzig :
_bBernhard Tauchnitz,
_c1871.
300 _a2 v. (326; 311 p.) ;
_c16 cm.
490 1 _aCollectin of british authors ;
_v1189; 1190
830 0 _aCollectin of british authors ;
_v1189; 1190
_9188157
852 _aES-MaACL
_jG-11814
_z-- Enc. hol. conservando la cub. original
_z-- 2 t. en 1 v.
999 _c158332
_d158332